000 00459nam a2200133Ia 4500
008 171212s9999 xx 000 0 und d
020 _a9780801484353
100 _aWarburg, Aby M.
245 _cWarburg, Aby M.
_aImages from the Region of the Pueblo Indians of North America
260 _bCornell University Press
_c1995
650 _aHistory
650 _aPueblo Indians -- Religion; Serpent worship
856 _uhttp://jstor.org/stable/10.7591/j.ctt1g69xgc
999 _c351445
_d351445